Capital Cities by Pictures - Statistics

General Stats
  • This quiz has been taken 101 times
  • The average score is 13 of 15
Answer Stats
Picture Answer % Correct
Paris
100%
Athens
95%
Kuala Lumpur
95%
New Delhi
95%
Washington D.C.
91%
Abu Dhabi
88%
Rome
88%
Islamabad
86%
Riyadh
86%
Stockholm
81%
Beijing
79%
Rabat
77%
Tokyo
72%
Bogota
63%
Canberra
63%
No matching quizzes found
Score Distribution
Percent of People with Each Score
Percentile by Number Answered
Your Score History
You have not taken this quiz